000 00465nam a2200181Ia 4500
008 090124s9999 xx 000 0 und d
082 _b120560
100 _aभोगले प्रभाकर
245 _a शाली
250 _a1
260 _c1984
300 _a271
600 _aभोगले प्रभाकर
630 _a शाली
700 _aभोगले प्रभाकर
730 _a शाली
942 _cBOOK
999 _c166646
_d166646